[Event "Stay Safe Play From Home 340"]
[Site "Emanuel Lasker Arena"]
[Date "2020.07.29"]
[Round "4"]
[White "AChessPlayer"]
[Black "Lamborghini"]
[Result "1-0"]
[WhiteElo "2326"]
[BlackElo "2260"]
[Annotator "TA"]
[PlyCount "111"]
[EventDate "2020.07.29"]
[EventType "swiss (blitz)"]

{[%evp 11,111,0,27,27,27,35,36,42,45,33,50,1,95,57,62,65,61,59,81,40,45,-12,-27,-65,-64,-48,0,0,0,-34,20,-32,0,0,19,-25,-23,-29,-18,-146,-143,-257,-243,-244,-244,-243,-245,-248,-233,-232,-76,-82,8,6,14,29,10,0,20,0,381,382,365,227,361,357,1362,16,415,414,414,405,354,354,5650,5181,1118,456,29968,29972,29969,29956,5161,5381,29999,29985,29985,29986,29986,29987,29987,29987,29987,29988,29991,29989,29989,29990,29990,29991,29997,29998]} 1. Nf3 Nf6 2. g3 g6 3. Bg2 Bg7 4. O-O O-O 5. d3 d6 6. e4 c6 7. Re1 {[#] A05: Réti Opening: 1 Nf3 Nf6.} Nfd7 $146 ({Predecessor:} 7... e5 8. h3 Re8 9. c4 Nbd7 10. Nc3 a6 11. Rb1 b5 12. b4 Bf8 13. Bg5 h6 14. Be3 Kh7 {1-0 (47) Aronian,L (2562)-Speelman,J (2603) Germany 2002}) 8. c3 Re8 9. d4 {White is slightly better.} Nf8 10. Nbd2 Nbd7 11. e5 b6 (11... dxe5 $11 {keeps the balance.} 12. dxe5 Nc5) 12. exd6 exd6 13. Rxe8 Qxe8 14. Nc4 {d5 is the strong threat.} Qe7 15. Bf4 d5 16. Ne3 (16. Nd6 $14) 16... Ne6 $11 17. Qd2 Nxf4 18. gxf4 Bh6 19. Ng4 Bg7 20. Nge5 Nf6 (20... Nxe5 $15 21. fxe5 Bg4) 21. Re1 (21. Nxc6 $11 Qc7 22. Nfe5) 21... Qd6 ({Black should try} 21... Qc7 $15) 22. Ng5 Be6 $1 23. h4 Re8 24. Bf3 Re7 25. b4 (25. Nxe6 $11 Qxe6 26. Bg2) 25... Bf5 $17 26. a4 (26. Kh2 $17 {was necessary.}) 26... h6 $19 27. Ngxf7 Rxf7 28. Nxf7 Kxf7 29. b5 cxb5 30. axb5 Ne4 $2 (30... Qd7 $19 {has better winning chances. And now ...Ne4 would win.} 31. Qe2 h5) 31. Qa2 $17 Be6 ({Better is} 31... Nxc3 $17 32. Qxa7+ Qd7 33. Qxb6 Nxb5) 32. Qxa7+ $11 Kg8 33. Bxe4 dxe4 34. Rxe4 Bd5 35. Re8+ Kh7 $2 {[%mdl 8192]} (35... Bf8 $11 36. Qb8 Qa3) 36. Re7 $18 Qf6 37. Qd7 {aiming for Rxg7+!} Bc4 (37... Bg8 $142 38. Qc7 h5) 38. Qc7 Bd3 $2 {[#]} (38... Bg8 39. Qe5 Qf8) 39. c4 $2 (39. Rf7 $1 $18 Qxf7 40. Qxf7) 39... Bxc4 $2 {[%mdl 8192] [#]} (39... Qxd4 $11 {and Black stays safe.} 40. c5 Be4 41. Rxe4 Qxe4) 40. Rxg7+ $1 {[%mdl 512]} Qxg7 41. Qxc4 $11 {[%mdl 4096] Endgame KQ-KQ} Qf6 42. d5 Qd6 $2 (42... Qxh4 43. Kf1 Qg4) 43. Qe4 h5 44. Qe5 (44. f5 $142) 44... Qc5 (44... Qd7 $18 45. f3 Qh3) 45. d6 Qc1+ 46. Kh2 Qd2 47. Kg2 Kh6 48. Qg5+ {White mates.} Kh7 49. Qe7+ Kh6 50. d7 Qd5+ 51. Kg3 Qd3+ 52. Kh2 Qf3 53. Qg5+ Kh7 54. d8=Q Qxf2+ 55. Qg2 Qxh4+ 56. Qxh4 {White used his chance. Accuracy: White = 56%, Black = 43%.} 1-0

[Event "Stay Safe Play From Home 340"]
[Site "Emanuel Lasker Arena"]
[Date "2020.07.29"]
[Round "4"]
[White "Little champs"]
[Black "Edmatuag"]
[Result "1-0"]
[WhiteElo "2211"]
[BlackElo "1701"]
[Annotator "TA"]
[PlyCount "51"]
[EventDate "2020.07.29"]
[EventType "swiss (blitz)"]

{[%evp 9,51,50,52,46,60,33,48,41,48,39,49,52,87,70,86,14,28,28,37,50,165,167,1129,1099,970,535,535,502,525,504,648,444,667,586,931,920,1847,1387,1339,1075,2099,2029,1924,1845]} 1. d4 d6 2. e3 c6 3. Nf3 Nd7 4. Be2 Qc7 5. O-O {[#]} g6 $146 ({Predecessor:} 5... Nb6 6. b3 Bd7 7. Bb2 O-O-O 8. a4 Kb8 9. c3 e6 10. b4 Be7 11. Nbd2 Nf6 {0-1 (46) Devedzic,S-Cvetkovic,M (2048) Obrenovac 2005}) 6. c4 {A41: 1 d4 d6: Tartakower System and Modern Defence.} Bg7 7. Qc2 e5 8. Nc3 {[%cal Bb1c3,Bc3b5,Bb5d6][%mdl 32] White is slightly better.} Ne7 9. Rd1 O-O 10. b3 f5 11. Ng5 {Black must now prevent Ne6.} Nf6 12. d5 ({White should play} 12. dxe5 $16 dxe5 13. Ba3) 12... cxd5 13. Nb5 $36 {[%mdl 2048] White has some pressure.} Qc6 14. Ba3 a6 (14... Rd8 $14) 15. Nxd6 $18 dxc4 $2 {[#]} (15... h6) 16. Bxc4+ {White is clearly winning.} Ned5 17. Qd2 h6 18. Nf3 Be6 19. Nxe5 {[%mdl 64] [#] Double Attack} Qc7 20. Nxg6 Kh7 (20... b5 $142 21. Bxd5 Nxd5) 21. Nxf8+ Rxf8 22. Rac1 Nxe3 23. Qxe3 Bxc4 24. Nxc4 Qf7 25. Bxf8 Ng4 26. Qg3 {Accuracy: White = 69%, Black = 47%.} 1-0

[Event "Stay Safe Play From Home 340"]
[Site "Emanuel Lasker Arena"]
[Date "2020.07.29"]
[Round "4"]
[White "SoulofWolf"]
[Black "Stefanone"]
[Result "1-0"]
[WhiteElo "2091"]
[BlackElo "2048"]
[Annotator "TA"]
[PlyCount "59"]
[EventDate "2020.07.29"]
[EventType "swiss (blitz)"]

{[%evp 9,58,33,40,0,28,-351,-341,-341,-337,-351,-359,-398,-405,-400,-387,-407,-407,-421,-417,-442,-408,-451,-421,-419,-400,-418,-376,-400,-368,-435,-429,-451,-451,-412,479,-350,-333,-474,-321,-871,-862,-824,-414,-408,-402,-396,2579,-295,-282,-432,29999]} 1. d4 d5 2. Nf3 c6 3. Bg5 f6 4. Bh4 e6 {[#]} 5. c3 $146 ({Predecessor:} 5. Nbd2 Ne7 6. e4 Ng6 7. Bg3 dxe4 8. Nxe4 Be7 9. Qd2 O-O 10. Bxb8 Rxb8 11. Bc4 b5 {0-1 (34) Nielsen,K (2056)-Haubro,S (2114) Copenhagen 2012}) 5... Be7 6. Nbd2 {D00: 1 d4 d5: Unusual lines.} f5 7. e3 $2 {[%mdl 8192]} (7. Bxe7 $11 {and White has nothing to worry.} Qxe7 8. e3) 7... Bxh4 $19 8. Nxh4 {Black has a decisive advantage.} Qxh4 9. Qb3 Qe7 10. O-O-O Nf6 11. f3 O-O 12. Be2 Nbd7 13. h3 e5 14. g4 e4 15. g5 Ne8 16. f4 b6 17. c4 Bb7 18. Kb1 Qf7 19. Rc1 c5 20. h4 cxd4 21. exd4 dxc4 $4 {[%mdl 8192]} (21... Nc7 $19 {avoids the disaster. And now ...Rac8 would win.} 22. h5 Rfc8) 22. Nxc4 $4 {[%mdl 8192]} (22. Bxc4 $18 {was the only winning move.} e3 23. Bxf7+ Rxf7 24. Qxe3) 22... Bd5 23. h5 (23. Qa4 {was called for.}) 23... Rb8 {[#] Threatens to win with ...b5.} 24. Rhg1 $2 (24. Qa3) 24... b5 25. g6 hxg6 26. hxg6 Qe6 27. Qh3 {[%csl Gg6][%cal Rh3h7]} Nef6 $4 {[%mdl 8192]} (27... Rf6 $19 28. Ne5 Bxa2+ 29. Ka1 Bd5) 28. Ne5 $4 {[%mdl 8192]} (28. Rh1 $18 {[%csl Gh1][%cal Rh3h8] is the narrow road to win.} Nh5 29. Qxh5 Qxg6 30. Qxg6) 28... Nxe5 29. fxe5 (29. dxe5 $142 Bxa2+ 30. Ka1) 29... Ng4 $4 {[%mdl 8192] [#]} (29... f4 $19 30. Qxe6+ Bxe6 31. exf6 Rxf6) 30. Qh7# {Accuracy: White = 35%, Black = 57%.} 1-0

[Event "Stay Safe Play From Home 340"]
[Site "Emanuel Lasker Arena"]
[Date "2020.07.29"]
[Round "4"]
[White "buzaglo"]
[Black "Mamba2001de"]
[Result "1-0"]
[WhiteElo "1827"]
[BlackElo "1472"]
[Annotator "NA"]
[PlyCount "63"]
[EventDate "2020.07.29"]
[EventType "swiss (blitz)"]

1. d4 {[%emt 0:00:02]} e6 {[%emt 0:00:00]} 2. Nf3 {[%emt 0:00:00]} d5 {[%emt 0:00:01]} 3. g3 {[%emt 0:00:00]} Nf6 {[%emt 0:00:01]} 4. Bg2 {[%emt 0:00:00]} c5 {[%emt 0:00:01]} 5. O-O {[%emt 0:00:00]} Nc6 {[%emt 0:00:01]} 6. c4 {[%emt 0:00:01]} cxd4 {[%emt 0:00:01]} 7. cxd5 {[%emt 0:00:00]} exd5 {[%emt 0:00:01]} 8. Nxd4 {[%emt 0:00:01]} Bc5 {[%emt 0:00:01]} 9. Nxc6 {[%emt 0:00:01]} bxc6 {[%emt 0:00:01]} 10. Nc3 {[%emt 0:00:00]} O-O {[%emt 0:00:03]} 11. Bg5 {[%emt 0:00:02]} Re8 {[%emt 0:00:03]} 12. e3 {[%emt 0:00:02]} Bf5 {[%emt 0:00:01]} 13. Na4 {[%emt 0:00:02]} Bb6 {[%emt 0:00:03]} 14. Rc1 {[%emt 0:00:01]} Rc8 {[%emt 0:00:02]} 15. Nc5 {[%emt 0:00:03]} Bxc5 {[%emt 0:00:02]} 16. Rxc5 {[%emt 0:00:00]} Qd6 {[%emt 0:00:04]} 17. Qc1 {[%emt 0:00:03]} Ne4 {[%emt 0:00:02]} 18. Bxe4 {[%emt 0:00:05]} Bxe4 {[%emt 0:00:01]} 19. Bf4 {[%emt 0:00:01]} Qg6 {[%emt 0:00:04]} 20. f3 {[%emt 0:00:05]} Bf5 {[%emt 0:00:02]} 21. g4 {[%emt 0:00:03]} Bd7 {[%emt 0:00:01]} 22. Bg3 {[%emt 0:00:02]} h5 {[%emt 0:00:02]} 23. gxh5 {[%emt 0:00:01]} Qxh5 {[%emt 0:00:01]} 24. e4 {[%emt 0:00:01]} Bh3 {[%emt 0:00:08]} 25. Rf2 {[%emt 0:00:02]} Qh6 {[%emt 0:00:03]} 26. Qxh6 {[%emt 0:00:03]} gxh6 {[%emt 0:00:02]} 27. exd5 {[%emt 0:00:01]} cxd5 {[%emt 0:00:02]} 28. Rfc2 {[%emt 0:00:01]} Rxc5 {[%emt 0:00:06]} 29. Rxc5 {[%emt 0:00:00]} Rd8 {[%emt 0:00:01]} 30. Kf2 {[%emt 0:00:01]} d4 {[%emt 0:00:01]} 31. Ke1 {[%emt 0:00:03]} Bf5 {[%emt 0:00:00]} 32. Kd2 {[%emt 0:00:01] Zeit} 1-0

[Event "Stay Safe Play From Home 340"]
[Site "Emanuel Lasker Arena"]
[Date "2020.07.29"]
[Round "4"]
[White "Klasman"]
[Black "Padmaesh M K"]
[Result "0-1"]
[WhiteElo "1319"]
[BlackElo "1713"]
[Annotator "NA RC"]
[PlyCount "42"]
[EventDate "2020.07.29"]
[EventType "swiss (blitz)"]

1. f4 {[%emt 0:00:02]} e5 {[%emt 0:00:02]} 2. fxe5 {[%emt 0:00:01]} d6 {[%emt 0:00:00]} 3. Nf3 {[%emt 0:00:01]} dxe5 {[%emt 0:00:01]} 4. e4 {[%emt 0:00:01]} Bd6 {[%emt 0:00:01]} 5. Bc4 {[%emt 0:00:01]} Nc6 {[%emt 0:00:03]} 6. d3 {[%emt 0:00:01]} Nf6 {[%emt 0:00:02]} 7. Bg5 {[%emt 0:00:01]} Bg4 {[%emt 0:00:02]} 8. O-O {[%emt 0:00:04]} h6 {[%emt 0:00:01]} 9. Bh4 {[%emt 0:00:01]} g5 {[%emt 0:00:01]} 10. Bg3 {[%emt 0:00:03]} Qe7 {[%emt 0:00:00]} 11. Nc3 {[%emt 0:00:02]} O-O-O {[%emt 0:00:02]} 12. h3 {[%emt 0:00:02]} Be6 {[%emt 0:00:04]} 13. Nd2 {[%emt 0:00:06]} h5 {[%emt 0:00:06]} 14. Qf3 {[%emt 0:00:01]} Rh6 {[%emt 0:00:03]} 15. Nd5 {[%emt 0:00:05]} Bxd5 {[%emt 0:00:04]} 16. Bxd5 {[%emt 0:00:06]} g4 {[%emt 0:00:02]} 17. Qf5+ {[%emt 0:00:03]} Kb8 {[%emt 0:00:02]} 18. Bb3 {[%emt 0:00:04]} gxh3 {[%emt 0:00:02]} 19. Qg5 {[%emt 0:00:04]} Rg6 {[%emt 0:00:04]} 20. Qh4 {[%emt 0:00:03]} Rdg8 {[%emt 0:00:04]} 21. Rxf6 {[%emt 0:00:06]} Qxf6 {[%emt 0:00:05] Time (Lag: Av=0.80s, max=4.0s) .} 0-1

[Event "Stay Safe Play From Home 340"]
[Site "Emanuel Lasker Arena"]
[Date "2020.07.29"]
[Round "5"]
[White "Mepe_Nika"]
[Black "Little champs"]
[Result "1-0"]
[WhiteElo "2458"]
[BlackElo "2212"]
[Annotator "TA"]
[PlyCount "127"]
[EventDate "2020.07.29"]
[EventType "swiss (blitz)"]

{[%evp 9,126,22,33,27,45,38,39,20,32,22,53,24,35,30,31,30,33,33,28,24,29,0,5,-12,16,19,25,13,21,5,20,7,20,-374,39,22,49,43,36,29,80,63,209,209,216,213,215,-188,-192,-206,-215,-509,-345,-345,-339,-335,-347,-339,-337,-325,-323,-404,-229,-276,-258,-258,-245,-279,-276,-298,-298,-298,-298,-293,-229,-276,-229,-343,-276,-297,-292,-319,29970,29971,29972,29974,29980,29981,29981,29982,29982,29982,29983,29984,29984,29984,29984,29985,29985,29986,29986,29986,29988,29987,29987,29988,29988,29988,29990,29991,29991,29989,29990,29989,29994,29995,29998,29999,29999]} 1. d4 e6 2. Bf4 c5 3. e3 Nc6 4. c3 cxd4 5. cxd4 d5 6. Nc3 {A40: Unusual replies to 1 d4.} Bd6 7. Bxd6 Qxd6 8. Nf3 {White is slightly better.} a6 9. Bd3 b5 10. Rc1 {[#]} Bb7 $146 ({Predecessor:} 10... Nf6 11. O-O O-O 12. h3 Bb7 13. Bb1 Rac8 14. Nd2 Rc7 15. Nb3 Nd7 16. f4 f5 17. Ne2 Rfc8 18. Qd2 Nb6 19. Rc3 Nc4 20. Qc1 b4 {0-1 (94) Reschreiter,H (1821)-Delmarko,D (1702) Schwarzach 1998}) 11. O-O Nf6 12. Nd2 O-O 13. a3 e5 14. dxe5 Nxe5 15. Bb1 (15. Be2 {keeps more tension.} Rac8 16. Rc2 h6 17. Nb3 Rc7 18. Qd4) 15... Rac8 16. Nf3 Nc4 17. Qe2 Rfe8 18. Rfd1 Qb6 {[%cal Rc4e3]} 19. Nd4 g6 20. h3 Re7 21. Qd3 $2 {[%mdl 8192]} (21. Na2 $1 $11 {and White is okay.}) 21... Rce8 $2 (21... Nxb2 $19 22. Qd2 Nxd1 23. Nxd1 Rxc1 24. Qxc1 Rc7) 22. Qc2 Ne4 23. Nxe4 dxe4 24. Qc3 Re5 (24... Ne5 $11) 25. Qb4 Rg5 (25... Rc8 $14) 26. Rxc4 $1 $18 a5 27. Qb3 Bd5 {[#]} 28. Rc6 $4 {[%mdl 8192]} (28. Rdc1 $1 $18 {is the narrow road to win.}) 28... Qxc6 $19 ({Much less strong is} 28... Bxb3 29. Rxb6 Bxd1 30. Kh2 $17) 29. Nxc6 Bxb3 30. Rd7 $2 (30. Rc1) 30... Rd5 31. Rxd5 Bxd5 {[%mdl 4096] Endgame KRB-KBN} 32. Nd4 Rc8 {And now ...Rc1+ would win.} 33. Bc2 b4 34. axb4 axb4 35. Ba4 {[#]} b3 $1 36. Bxb3 Bxb3 37. Nxb3 {KR-KN} Rb8 38. Nd4 Rxb2 39. g4 Kg7 40. Kg2 h6 41. Kg3 Rb1 42. h4 Kf6 43. Nc6 (43. Kg2 {was called for.}) 43... Ke6 44. Nd4+ Kd5 45. Ne2 {Black must now prevent Nc3+.} g5 $4 {[%mdl 8192]} (45... Rh1 $19 46. Nd4 Kd6 47. Nb5+ Ke5) 46. Nc3+ {[%mdl 64] Double Attack. White mates.} Ke5 47. Nxb1 f5 48. hxg5 hxg5 49. gxf5 Kxf5 {KN-KPP} 50. Nd2 Ke5 51. Kg4 Kd5 52. Kxg5 {KN-KP} Ke5 53. Kg4 Ke6 54. Kf4 Kf6 55. Nxe4+ Kg6 56. Ng5 Kg7 57. e4 Kf8 58. e5 Kg8 59. Kf5 Kf8 60. f4 Ke8 61. Kf6 Kf8 62. e6 Kg8 63. e7 {[%cal Re7e8]} Kh8 64. e8=Q# {Accuracy: White = 58%, Black = 54%.} 1-0

[Event "Stay Safe Play From Home 340"]
[Site "Emanuel Lasker Arena"]
[Date "2020.07.29"]
[Round "5"]
[White "Lazieri3"]
[Black "AChessPlayer"]
[Result "0-1"]
[WhiteElo "2131"]
[BlackElo "2340"]
[Annotator "TA"]
[PlyCount "74"]
[EventDate "2020.07.29"]
[EventType "swiss (blitz)"]

{[%evp 9,74,-7,-6,-22,-34,-51,-9,-6,2,-9,0,-35,-27,-47,-6,-9,-7,-7,-6,-20,-20,-17,-10,-16,-9,-281,0,0,0,-80,-16,-24,-20,-25,-20,-25,-20,-63,-22,-21,-12,-13,0,-16,-10,-409,-396,-420,-139,-129,-129,-818,-805,-770,-668,-3193,-3007,-2710,-2693,-29978,-29979,-6399,-6,-29991,-29992,-29994,-29995]} 1. e4 d6 2. Nc3 Nf6 3. d4 Nbd7 4. f3 e5 5. dxe5 dxe5 6. Bc4 {B07: Pirc Defence: Miscellaneous Systems.} c6 {[#]} 7. a3 $146 ({Predecessor:} 7. Be3 Qc7 8. Qd2 Be7 9. O-O-O b5 10. Bxb5 cxb5 11. Nxb5 Qb8 12. Qa5 O-O 13. a3 a6 14. Nc3 Bb7 15. g4 Bc6 16. Nd5 Bxd5 17. exd5 Rc8 18. g5 Qb3 19. Qd2 Rab8 {0-1 (19) Shaw,D (2211)-Simons,M (2230) Birmingham 2002}) 7... a5 8. Be3 {The position is equal.} Qc7 9. Nge2 Bc5 10. Bxc5 (10. Qd2 {feels hotter.} O-O 11. Ng3 Re8 12. O-O-O b5 13. Ba2) 10... Nxc5 11. O-O Ne6 (11... b5 {keeps more tension.} 12. Ba2 Be6 13. Bxe6 Nxe6 14. Qe1 O-O) 12. Qe1 O-O 13. Qf2 b5 14. Bxe6 Bxe6 15. Rfd1 Rfd8 16. Rxd8+ Rxd8 17. Rd1 $2 {[%mdl 8192]} (17. Qc5 $11 {and White stays safe.}) 17... Rd6 $2 ({Black should play} 17... b4 $19 18. Qe3 bxc3 19. Rxd8+ Qxd8 20. Nxc3 h6) 18. Rxd6 $11 Qxd6 19. Qe3 (19. Qb6 $11 {remains equal.}) 19... a4 (19... b4 $17 20. axb4 axb4) 20. Qd3 Qc7 (20... Qc5+ {looks sharper.} 21. Kf1 Ne8 22. Nd1 Nd6 23. Ne3 h5) 21. Kf1 Nd7 22. Qe3 h6 23. Ng3 Bc4+ 24. Kf2 Nf8 25. Nf5 Ne6 26. Ne2 h5 27. c3 $2 {[%mdl 8192]} (27. Nc1 $11) 27... g6 $19 28. Nfg3 Qd6 $2 (28... Nf4 $19 {is more deadly. Threatens to win with ...h4.} 29. Nxf4 exf4) 29. Ke1 $17 Nf4 $36 {[%mdl 2048] Black is in control.} 30. Kf2 $2 {[%mdl 8192]} (30. Nxf4 $17 exf4 31. e5 Qxa3 32. bxa3 fxe3 33. Ne4) 30... Nd3+ $19 31. Kg1 Nxb2 {aiming for ...Qd1+.} 32. Qg5 Qd1+ {[%mdl 64] [#] Double Attack} 33. Kf2 Bxe2 34. Nxe2 Nd3+ 35. Ke3 Nc5 $2 (35... Nc1 $19 {[%csl Gc1][%cal Rd1e2]} 36. Kf2 Qxe2+ 37. Kg3 Qe1+ 38. Kh3 Ne2 39. g3 Qf2 40. Qf6 Ng1+ {[%mdl 64] Double Attack} 41. Kh4 Nxf3+ 42. Qxf3 Qxf3 43. Kh3 g5 44. c4 Qf1#) 36. Qd8+ $2 {[%mdl 8192]} (36. Qxe5 $11 Ne6 37. Qb8+ Kg7 38. f4) 36... Qxd8 37. Kf2 {[#]} Qd2 $1 {Accuracy: White = 51%, Black = 61%.} 0-1

[Event "Stay Safe Play From Home 340"]
[Site "Emanuel Lasker Arena"]
[Date "2020.07.29"]
[Round "5"]
[White "SoulofWolf"]
[Black "buzaglo"]
[Result "1-0"]
[WhiteElo "2106"]
[BlackElo "1831"]
[Annotator "TA"]
[PlyCount "79"]
[EventDate "2020.07.29"]
[EventType "swiss (blitz)"]

{[%evp 9,79,-23,10,7,16,20,22,24,48,51,53,53,93,58,85,8,61,0,0,-5,-6,-39,-14,-66,-43,-60,0,0,0,0,0,-36,8,0,55,55,55,55,55,0,10,-165,68,55,55,55,55,55,103,103,139,0,378,346,859,844,706,314,877,245,781,582,568,469,2578,487,6387,193,408,193,3141,2549]} 1. d4 e6 2. Nf3 d5 3. Bg5 Nf6 4. h4 Be7 5. Nbd2 Ne4 {[%cal Re4g5] [#]} 6. Bf4 $146 {D03: 1 d4 d5 2 Nf3 Nf6 3 Bg5, including Torre Attack with early ...d5.} ({Predecessor:} 6. Bxe7 Qxe7 7. c3 Nd7 8. e3 Nxd2 9. Qxd2 c6 10. O-O-O b5 11. Bd3 a5 12. e4 {0-1 (61) Meessen,R (2278)-Braun,C (2360) Eupen 2014}) 6... Bd6 7. g3 Bxf4 8. gxf4 {The position is equal.} Nxd2 9. Qxd2 Qd6 10. e3 c5 11. c3 Nc6 12. b3 (12. Rg1 $16) 12... a6 (12... b6 $11) 13. a4 (13. dxc5 $14 Qxc5 14. h5) 13... Bd7 14. Bd3 cxd4 15. exd4 Rc8 16. b4 (16. Rg1 $11) 16... Ne7 17. Ne5 Ng6 (17... O-O $15) 18. h5 $11 Nxe5 19. fxe5 Qe7 20. Qc2 f5 21. O-O-O b5 ({Black should try} 21... Rc7 $11) 22. a5 $14 Kf7 23. Kb2 Rc7 24. Be2 Rhc8 {...Qxb4+! is the strong threat.} 25. Rh3 $2 {[#]} (25. Qd3 $11 {and White is okay.}) 25... Bc6 $2 (25... Qxb4+ $1 $19 {[%mdl 512]} 26. Qb3 (26. cxb4 Rxc2+) 26... Qxa5) 26. Qb3 Be8 27. Rg1 Kf8 28. Rhg3 g6 29. hxg6 hxg6 30. Bh5 (30. Rh1 $1 $16 {[%cal Rh1h8] Threatens to win with Rh8+.} g5 31. Rh6 (31. Rh8+ Kg7 $16)) 30... Bf7 $2 {[%mdl 8192]} (30... f4 $11 31. Rg4 Rxc3 32. Rxf4+ Kg7 33. Qxc3 Rxc3 34. Kxc3 Qc7+ 35. Kd2 Qc4) 31. Bxg6 $18 {aiming for Qd1.} Bxg6 $2 (31... Qh4 32. Qd1 (32. Bxf7 Rxf7 33. Qd1 Ke7 $16) 32... Ke8) 32. Rxg6 {Intending Rg8+ and mate.} Qh7 33. R1g3 (33. Rxe6 $142 Qh2 34. Rf6+ Ke8 35. Rg8+ Ke7 36. Rg7+ Ke8 37. Qc2 $1 {[%mdl 512]}) 33... Rf7 $2 (33... f4 34. R3g4 Rxc3 35. Qxc3 Rxc3 36. Kxc3 f3) 34. Qc2 $2 (34. Rxe6 Qh2 35. Qc2) 34... Rcc7 $2 (34... Ke7 35. Qd2 f4) 35. Qe2 Ke7 36. Qf3 {And now Qg2 would win.} Qh2 (36... Kd7 $142 37. R3g5 Rc8) 37. Rg2 (37. Rh3 $142 Qxh3 38. Qxh3) 37... Qh1 {[#]} (37... Qh4 $142 38. Rg8 Qh6) 38. R6g3 $2 (38. Rxe6+ $1 {[%mdl 512]} Kf8 (38... Kxe6 39. Rg6+) 39. Qxd5 Qxg2 40. Qxg2 Rcd7 41. Rxa6 Ra7 {[#]} 42. e6 $1 {[%mdl 512]} Rfe7 43. Rxa7 Rxa7 44. Qg5) 38... Qe1 $2 (38... Rc8 39. Rh3 Qe1) 39. Qd3 (39. Rg8 $142) 39... Rxc3 $2 (39... Rc8 40. Qe3 Qxe3 41. Rxe3 (41. fxe3 Rh8 $16) 41... Rh8) 40. Qxc3 {Accuracy: White = 40%, Black = 33%.} 1-0

[Event "Stay Safe Play From Home 340"]
[Site "Emanuel Lasker Arena"]
[Date "2020.07.29"]
[Round "5"]
[White "Stefanone"]
[Black "Haris kollari 13"]
[Result "1-0"]
[WhiteElo "2033"]
[BlackElo "1643"]
[Annotator "NA"]
[PlyCount "107"]
[EventDate "2020.07.29"]
[EventType "swiss (blitz)"]

1. d4 {[%emt 0:00:01]} e6 {[%emt 0:00:00]} 2. e3 {[%emt 0:00:00]} d5 {[%emt 0:00:00]} 3. f4 {[%emt 0:00:02]} c5 {[%emt 0:00:01]} 4. Nf3 {[%emt 0:00:00]} Nc6 {[%emt 0:00:01]} 5. c3 {[%emt 0:00:00]} f5 {[%emt 0:00:01]} 6. Bd3 {[%emt 0:00:00]} Nf6 {[%emt 0:00:01]} 7. Ne5 {[%emt 0:00:00]} c4 {[%emt 0:00:01]} 8. Bc2 {[%emt 0:00:01]} Bd6 {[%emt 0:00:01]} 9. Qe2 {[%emt 0:00:00]} Bd7 {[%emt 0:00:01]} 10. O-O {[%emt 0:00:01]} O-O {[%emt 0:00:01]} 11. Nd2 {[%emt 0:00:01]} Rc8 {[%emt 0:00:01]} 12. Kh1 {[%emt 0:00:01]} a6 {[%emt 0:00:01]} 13. g4 {[%emt 0:00:02]} Bxe5 {[%emt 0:00:02]} 14. fxe5 {[%emt 0:00:02]} Nxg4 {[%emt 0:00:01]} 15. Rg1 {[%emt 0:00:02]} Qh4 {[%emt 0:00:04]} 16. Nf3 {[%emt 0:00:01]} Qh3 {[%emt 0:00:02]} 17. Rg2 {[%emt 0:00:04]} Rf7 {[%emt 0:00:02]} 18. Bd2 {[%emt 0:00:01]} Ne7 {[%emt 0:00:01]} 19. Rag1 {[%emt 0:00:01]} Ng6 {[%emt 0:00:01]} 20. Ng5 {[%emt 0:00:01]} Qh5 {[%emt 0:00:02]} 21. Nxf7 {[%emt 0:00:01]} Kxf7 {[%emt 0:00:00]} 22. Rxg4 {[%emt 0:00:01]} fxg4 {[%emt 0:00:02]} 23. Qxg4 {[%emt 0:00:00]} Qxg4 {[%emt 0:00:01]} 24. Rxg4 {[%emt 0:00:00]} Ne7 {[%emt 0:00:02]} 25. e4 {[%emt 0:00:02]} Rh8 {[%emt 0:00:03]} 26. exd5 {[%emt 0:00:01]} exd5 {[%emt 0:00:01]} 27. Rg2 {[%emt 0:00:02]} Bf5 {[%emt 0:00:01]} 28. Rf2 {[%emt 0:00:02]} g6 {[%emt 0:00:01]} 29. Bxf5 {[%emt 0:00:00]} Nxf5 {[%emt 0:00:01]} 30. Bg5 {[%emt 0:00:01]} Ke6 {[%emt 0:00:01]} 31. Bf6 {[%emt 0:00:01]} Rf8 {[%emt 0:00:00]} 32. h4 {[%emt 0:00:01]} Rf7 {[%emt 0:00:01]} 33. Rh2 {[%emt 0:00:02]} h5 {[%emt 0:00:01]} 34. Rg2 {[%emt 0:00:01]} Rxf6 {[%emt 0:00:04]} 35. exf6 {[%emt 0:00:01]} Kxf6 {[%emt 0:00:00]} 36. Re2 {[%emt 0:00:01]} Nxh4 {[%emt 0:00:01]} 37. Re8 {[%emt 0:00:01]} Nf5 {[%emt 0:00:01]} 38. Rb8 {[%emt 0:00:00]} Ne3 {[%emt 0:00:01]} 39. Kh2 {[%emt 0:00:01]} Nd1 {[%emt 0:00:01]} 40. Rxb7 {[%emt 0:00:01]} g5 {[%emt 0:00:02]} 41. Rb6+ {[%emt 0:00:01]} Kf5 {[%emt 0:00:01]} 42. b3 {[%emt 0:00:01]} cxb3 {[%emt 0:00:01]} 43. axb3 {[%emt 0:00:00]} Nxc3 {[%emt 0:00:01]} 44. Rxa6 {[%emt 0:00:01]} Ne2 {[%emt 0:00:01]} 45. Rc6 {[%emt 0:00:01]} Nxd4 {[%emt 0:00:02]} 46. Rc8 {[%emt 0:00:00]} Nxb3 {[%emt 0:00:01]} 47. Rf8+ {[%emt 0:00:00]} Kg4 {[%emt 0:00:01]} 48. Ra8 {[%emt 0:00:00]} Nd4 {[%emt 0:00:01]} 49. Kg2 {[%emt 0:00:00]} Nf3 {[%emt 0:00:01]} 50. Ra5 {[%emt 0:00:01]} Ne5 {[%emt 0:00:01]} 51. Rxd5 {[%emt 0:00:01]} Ng6 {[%emt 0:00:00]} 52. Rd4+ {[%emt 0:00:00]} Nf4+ {[%emt 0:00:00]} 53. Kf2 {[%emt 0:00:01]} h4 {[%emt 0:00:00]} 54. Rd8 {[%emt 0:00:01] Time (Lag: Av=0.38s, max=0.8s)} 1-0